The Ultimate Guide to Eating for Longevity : The macrobiotic way to live a long, healthy, and happy life

Bibliographic Details
Main Authors: Waxman, Denny (Author), Waxman, Susan (Author)
Format: Book
Published: New York : Pegasus Books Ltd. 2019
Subjects:

MARC

LEADER 00000cam a2200000 7i4500
001 0000278604
005 20210702183947.0
006 a# ###### ###
007 t
008 210702 nyu# ###
020 |a 9781643130682 
090 |a 613.264   |b WAX 
100 1 |a Waxman, Denny ,   |e author 
245 1 4 |a The Ultimate Guide to Eating for Longevity :   |b The macrobiotic way to live a long, healthy, and happy life 
264 1 |a New York :   |b Pegasus Books Ltd.   |c 2019 
264 4 |c ©2019 
300 |a 425 pages ;   |c 24 cm. 
336 |a text  |2 rdacontent 
337 |a unmediated  |2 rdamedia 
338 |a volume  |2 rdacarrier 
650 0 |a Macrobiotic diet   |x Recipies 
650 0 |a Nutrition 
700 1 |a Waxman, Susan ,   |e author 
999 |a 00385776   |b BUKU   |c PINJAMAN   |e PERPUSTAKAAN KOMUNITI PETALING JAYA